[Event "Match 82__120'/40"]
[Site "Zürich"]
[Date "2025.??.??"]
[Round "3"]
[White "Scorpio 68000 sel. 4"]
[Black "Mephisto Explorer Pro"]
[Result "1-0"]
[Annotator "2,5-0,5 for Scorpio"]
[WhiteElo "2043"]
[BlackElo "2016"]
[WhiteFideId "-1"]
[BlackFideId "-1"]
[PlyCount "124"]
[GameId "541576093605"]
[EventDate "2025.10.05"]
[EventType "match"]
[EventRounds "50"]

{[%evp 0,124,18,-13,-8,-8,-8,-8,-7,-4,16,6,6,3,15,9,50,33,28,-1,-1,-5,-4,-58,-56,-59,-48,-60,-74,-64,-64,-64,-19,-15,-15,-7,-7,-58,8,-43,-13,-20,-16,-16,-13,2,8,20,6,12,12,20,45,29,55,73,63,72,114,120,118,129,191,192,197,177,189,189,229,185,189,145,128,86,83,88,90,79,123,140,153,153,144,156,156,149,164,139,164,164,150,158,153,147,153,107,192,191,195,198,211,218,380,408,606,670,670,592,670,670,670,798,1014,910,1016,1244,1344,1472,1452,1884,1894,1904,1944,2602,28089,2538,29977]} 1. b3 {Gegen diesen Spielanfang hat der Mephisto Explorer Pro keine Antwort in seinem Eröffnungsbuch.} d5 {Match Nr. 82 mit 120'/40 | Bediener: Rolf Bühler | Kommentator: Kurt Utzinger | 3. Partie: Scorpio gewinnt | Zwischenstand: 2½-½ für Scorpio 68000 sel. 4 | Stand hypothetisch: 3-0 für Mephisto Explorer Pro | Eröffnung: Nimzowitsch/Larsen System 1.b3 | Buchzüge 3 (17) von Scorpio; 0 (13) von Mephisto Explorer Pro | Partieverlauf: Die Eröffnungsphase behandelt der Scorpio 68000 sel. 4 nicht zufriedenstellend. Trotzdem kann er nach 17 Zügen dank Mithilfe des Gegners das Spiel ausgeglichen gestalten. Mit 18.Lb5? wendet sich das Blatt aber völlig zugunsten von Schwarz. Leider kann der Mephisto Explorer Pro den Sack nicht zumachen, entgleitet ihm doch der Gewinn bereits mit seinem nächsten Zug. Offenbar psychologisch angeschlagen, bringt das Programm von Frans Morsch nichts Vernünftiges mehr auf die Beine und entgeht ein erstes Mal nur durch gegnerisches Unvermögen der Niederlage. Statt sein Glück zu nutzen, stürzt der Mephisto Explorer Pro im Turmendspiel mit 38...Kf8? erneut in die Katastrophe. Das Endspiel mit zwei Mehrbauern bereitet hernach dem Programm von David Kittinger keine Probleme mehr. Es ist dies also schon die dritte Partie in Folge, in der Mephisto Explorer Pro als Erster eine gewonnene Stellung auf dem Brett hatte. Und statt 2,5-0,5 für den Scorpio 68000 sel. 4, sollte es eigentlich 3-0 für den Mephisto Explorer Pro lauten. Wir hoffen, dass es nicht in diesem Stil weitergeht.} 2. e3 $11 {***ENDE BUCH***} e6 3. Bb2 Nf6 4. Nf3 Nbd7 5. Be2 Bd6 6. O-O e5 7. c4 c6 8. cxd5 cxd5 9. d3 O-O 10. Nc3 {Es gibt eine vernünftigere Wahl, die darin besteht, den schwarzen Angirffsläufer auf d6 zu tauschen.} (10. Ba3 $1 Bxa3 11. Nxa3 Qe7 12. Qc1 $11) 10... a6 11. Qd2 {Erneut ungenau, abgesehen davon, dass noch nicht klar ist, wo die Dame am besten zu stehen kommt.} ({Gut ist} 11. a4 {was das gegnerische b7-b5 verhindert und die Option für den Läufertausch durch La3 offenlässt.}) 11... b5 $15 {Schwarz steht bereits leicht besser.} 12. Rac1 {Wiederum ungenau. Schwarz möchte lästig ...b4 spielen. Dem hätte Weiss mit 12.a3 vorbeugen sollen.} Bb7 13. a4 $2 $17 {Verpasst 13.a3, denn nun steht Schwarz einfach besser. Bewertung: -1.21(17%)/37} b4 14. Na2 $2 {Hier hat der Springer keine Perspektive. Deshalb ist 14.Sb1 besser.} a5 {Die Bewertung -1.70(4%)/45 zeigt für Schwarz bereits eine den Gewinn verheissende Prognose an.} 15. d4 Re8 $2 $11 {Auch nicht das Gelbe vom Ei, da Weiss wieder ausgleichen kann.} (15... e4 16. Ne5 Qe7 $19 {und Schwarz steht prächtig mit seinen deutlich besser postierten Figuren und seinem Raumvorteil.}) 16. dxe5 Ne4 ({oder} 16... Nxe5 17. Bxe5 Bxe5 18. Nxe5 Rxe5 $11) 17. Qd1 Nxe5 $11 {[#]} 18. Bb5 $2 $18 {[%mdl 32768] ***VERLUSTZUG*** statt 18.Sd4 und alles bliebe im Lot.} Re7 $2 $11 {Das vermasselt den Sieg.} (18... Nxf3+ 19. Qxf3 (19. gxf3 Qh4 20. f4 Re6 21. Qf3 Rg6+ {und Weiss geht in 22 Zügen Matt.}) 19... Re6 20. Rfd1 Nc5 21. Rxc5 Bxc5 22. Nc1 Qe7 $19 {und gewinnt}) 19. Nxe5 Bxe5 20. Bxe5 Rxe5 21. Qd4 Qe7 22. Qb6 Re6 23. Qc7 Nd6 24. Qxe7 Rxe7 25. Bc6 Rd8 $6 {Die Engines schlagen komplizierte Ausgleichsvarianten mit 25...d4 oder 25...g6 vor, natürlich nichts für unsere Oldies.} 26. Rfd1 $14 {Nun hat Weiss wieder leichten Vorteil.} Bxc6 27. Rxc6 Nb7 {Auch wenn die Engines 27...h5 oder 27...h6 bevorzugen, ist das ein verständlicher Rückzug, wobei die beiden Bauern a5 und d5 gedeckt werden.} 28. Nc1 $16 {Der Springer kommt nun kraftvoll ins Spiel. Es ist schon fraglich, ob man die schwarze Stellung noch halten kann. Die weissen Türme sind auf beiden offenen Linien aktiv und die schwarzen Bauern d5 und a5 sind anfällig.} f5 $2 $18 {Das ***VERLIERT***, weil nur die aktive Verteidigung 28...d4! noch Rettungschancen bietet.} 29. Ne2 {Eine Bewertung von +- (3.41) (100%) Depth: 43/72 zugunsten von Weiss sagt alles.} Kf7 30. Nd4 f4 {Ein Bauernopfer für die Katz.} 31. exf4 Rde8 {droht ein Grundlinienmatt} 32. Kf1 h6 33. f5 Re5 34. Rc7+ {Nicht am stärksten, aber es führen schon mehrere Wege zum Sieg.} R5e7 35. Rxe7+ Rxe7 36. Nc6 Rc7 $18 37. Rxd5 $2 $11 {Weiss strauchelt noch und vergibt den Gewinn, weil nicht erkannt wird, dass der schwarze Turm nach der geplanten Abwicklung aktiv ins Spiel kommt.} (37. Rc1 Kf6 38. Rc2 {PROMENADE-bmi2:} Rd7 39. Ke2 Kxf5 40. Ke3 Ke6 41. Nd4+ Kf7 42. Rc8 Re7+ 43. Kd3 Rd7 44. h4 g5 45. h5 Nd6 46. Rc6 g4 47. f3 gxf3 48. gxf3 Kf6 49. Ra6 Kg5 50. Rxa5 Ne8 51. Ra8 Nc7 52. Rb8 Kxh5 53. Rxb4 Rd6 54. Rb7 Na6 55. Rg7 Rg6 56. Re7 Rd6 57. Kc3 Kg6 58. Re8 {[%eval 318,45] [%wdl 1000,0,0]}) 37... Rxc6 38. Rd7+ $11 {[#]} Kf8 $2 $18 {***VERLIERT*** Nur mit dem aktiven 38...Kf6 war der Ausgleich zu erzielen.} (38... Kf6 $1 39. Rxb7 Rc3 40. Rb5 Rxb3 41. Rxa5 Ra3 42. Ke2 h5 43. h3 b3 44. Rb5 Rxa4 45. Rxb3 Kxf5 $11 {und dieses Turmendspiel ist nicht zu gewinnen.}) 39. Rxb7 Rc3 40. Ra7 Rxb3 41. Rxa5 Ra3 42. Ra7 Ra2 43. g3 b3 44. Kg2 b2 45. Rb7 Ke8 46. h3 Kd8 47. a5 Kc8 48. a6 Rxa6 49. Rxb2 {Mit glatten zwei Mehrbauern bringt nun der Scorpio 68000 sel. 4 den vollen Punkt ins Trockene.} Kc7 50. Re2 Rd6 51. Re7+ Rd7 52. Rxd7+ Kxd7 53. Kf3 Ke7 54. Ke3 Kd7 55. g4 Kd6 56. Ke4 Ke7 57. Ke5 Kf7 58. h4 Ke7 59. g5 hxg5 60. hxg5 Kd7 61. f6 g6 62. f4 Kd8 {***AUFGEGEBEN***} 1-0

[Event "Match 82__120'/40"]
[Site "Zürich"]
[Date "2025.??.??"]
[Round "4"]
[White "Mephisto Explorer Pro"]
[Black "Scorpio 68000 sel. 4"]
[Result "1-0"]
[Annotator "2,5-1,5 for Scorpio"]
[WhiteElo "2016"]
[BlackElo "2043"]
[WhiteFideId "-1"]
[BlackFideId "-1"]
[PlyCount "66"]
[GameId "541576093606"]
[EventDate "2025.10.05"]
[EventType "match"]
[EventRounds "50"]

{[%evp 0,66,19,-18,30,19,14,22,81,67,67,24,26,23,37,48,59,7,24,33,22,23,71,70,87,78,75,71,130,132,132,134,145,149,149,109,151,138,214,225,271,285,256,293,442,459,435,240,325,319,319,353,292,402,402,411,752,775,865,879,879,919,930,1368,1368,1412,1474,1620,2029]} 1. c4 c5 {Match Nr. 82 mit 120'/40 | Bediener: Rolf Bühler | Kommentator: Kurt Utzinger | 4. Partie: Weiss (Mephisto Explorer Pro) gewinnt | Zwischenstand: 2½-1½ für Scorpio 68000 sel. 4 | Stand hypothetisch: 4-0 für Mephisto Explorer Pro | Eröffnung: Englisch, Dreispringerspiel | Buchzüge 7 (24) von Scorpio; 6 (19) von Mephisto Explorer Pro | Partieverlauf: In einem eigentlich ruhig verlaufenden Kampf begeht der Scorpio 68000 sel. 4 zu viele Ungenauigkeiten, bis der Krug bricht und der weisse Stellungsvorteil übermächtig wird. Eine vom Mephisto Explorer Pro sehr gut gespielte Partie. Dieser Sieg war aber auch notwendig, um nicht hoffnungslos ins Hintertreffen zu geraten.} 2. Nc3 Nf6 3. Nf3 d5 4. cxd5 Nxd5 5. g3 Nc6 6. Bg2 $11 {***ENDE BUCH***} Nc7 7. O-O e5 $11 {***ENDE BUCH***} 8. Re1 $6 {Kein Fehler, aber aus Sicht eines ernsthaften Schachspielers ein völlig nutzloser Zug, dem man keine einzige Sekunde an Bedenkzeit opfern würde. Kein Wunder, dass 8.Te1 bei den Engines unter den 6 besten Zügen nicht vorkommt. Alle Fortsetzungen wie a3, b3, d3, Tb1, Se1, Da4 machen mehr Sinn. Die üblichsten Züge sind denn auch:} (8. d3 $1 Be7 9. Nd2 (9. Be3 $5) 9... Bd7 10. Nc4 $11 {0-1 (38) Harikrishna,P (2634)-Dominguez Perez,L (2708) London 2025}) (8. a3 $1 Rb8 9. Rb1 Be7 10. d3 O-O $11 {½- (89) ½ (89) Carlsen,M (2839)-Giri,A (2748) Zagreb 2025}) 8... Bd6 {Systemgemässer sieht 8...Le7 aus.} 9. d3 O-O 10. Nd2 {Das hingegen ist ein positionell erfreulicher Zug.} Nd4 11. Nc4 $11 f5 $2 $16 {Das schwächt einzig die Stellung, vor allem die Diagonale a2-g8. Gute Alternativen sind 11...f6, was das Zentrum stärkt und Lg5 verhindert, sowie 11...Te8, um sich noch diverse Optionen offenzulassen.} 12. f4 $14 {Wirkungsvoller ist 12.Lg5, Bewertung  1.34(88%)/43} exf4 13. Nxd6 Qxd6 $2 {[%mdl 2] Verpasst einen wichtigen Zwischenzug.} (13... f3 $1 14. Bxf3 (14. Nxb7 $6 Bxb7 $15) 14... Nxf3+ 15. exf3 Qxd6 16. Bf4 $11) 14. Bxf4 $16 {Jetzt steht Weiss klar besser, bzw. gewinnträchtig. Bewertung: +- 1.97(99%)/42} Qe7 15. e3 Nde6 16. Qb3 {Hier war 16.Le5 noch leicht stärker.} Kh8 17. Be5 (17. Bxb7 $4 Rb8 $19) 17... Ng5 18. d4 {[#]} cxd4 $2 {[%mdl 2] ***VERLIERT*** Diese erneute Ungenauigkeit vermag die schwarze Stellung nicht mehr zu verkraften. Ob die Partie nach der stärkeren Verteidigung 18...Sf7 langfristig zu halten war, bezweifle ich.} 19. exd4 $18 {Gemäss den übermächtigen Engines steht Weiss bereits auf Gewinn. Bewertung: +- 2.97(100%)/40} Nce6 20. d5 $1 {Der Mephisto Explorer Pro findet den stärksten Zug.} Qc5+ {Auch andere Züge retten nicht mehr.} (20... Nc5 21. Qb4 {droht d6 und der Sc5 ist futsch} a5 22. Qd4 {droht Lxg7+ Dxg7, Dxc5 mit Bauerngewinn} Nd7 23. Bf4 Qb4 (23... Qd8 24. Nb5 $18) 24. Qxb4 axb4 25. Bxg5 bxc3 26. bxc3 $18) 21. Kh1 Nd4 22. Qd1 Nb5 {einziges Feld für den angegriffenen Springer} 23. Rc1 Nf7 ({oder} 23... Bd7 24. Qd2 Nf7 25. Na4 Qxc1 26. Qxc1 $18) ({oder} 23... Nxc3 24. Rxc3 Qb6 25. Rc7 Nf7 26. Bf4 Nd6 (26... g5 $2 27. Rxf7 $18) 27. Ree7 Ne8 28. Be5 Rg8 29. Qh5 {auch 29.Txe8 gewinnt} Qg6 {oder 29...Sxc7, 30.Txg7 Txg7, 31.Df7 und gewinnt} 30. Qxg6 hxg6 31. Rc4 {droht Th4 Matt} g5 32. h4 g4 33. d6 $18 {und Weiss erobert mit der Gabel d6-d7 eine Figur.}) 24. Nxb5 Qxb5 25. Bc3 Qa6 {Verhindert den folgenden Vorstosss nur scheinbar.} ({oder} 25... Bd7 26. Qd4 Rg8 27. Re7 Raf8 28. Rf1 b6 29. g4 a5 30. g5 {droht g6} Qa4 31. Qxa4 Bxa4 32. Rxf5) 26. d6 $1 {Das Programm von Frans Morsch macht alles richtig.} Nxd6 ({oder} 26... Qxd6 27. Qxd6 Nxd6 28. Bb4 {und der schwarze gefesselte Springer geht verloren.} Rd8 29. Bxd6 {denn nun verbietet sich} Rxd6 {wegen Matt auf der Grundlinie} 30. Re8#) 27. Bb4 Qxa2 28. Qxd6 {Leider hat nun der angegriffene Turm kein nützliches Fluchtfeld.} Bd7 (28... Rg8 29. Bd5 $18 {und Matt in 18 Zügen}) 29. Qxd7 Rad8 30. Qc7 Rfe8 31. Rxe8+ Rxe8 32. Qd7 Qg8 (32... Rg8 33. Bc3 b5 34. Bd5 $18) 33. Bc3 {Nun scheint der Scorpio 68000 sel. 4 das kommende Matt zu erkennen, weil er im nächsten Zug aufgibt.} h6 {***AUFGEGEBEN***} ({PROMENADE-bmi2:} 33... h6 34. Bxg7+ Qxg7 35. Qxe8+ Qg8 36. Qe5+ Kh7 37. Qxf5+ Kh8 38. Qe5+ Kh7 39. Rc7+ Qf7 40. Rxf7+ Kg6 41. Rg7# {[%eval 32752,58] [%wdl 1000,0,0]}) 1-0

[Event "Match 82__120'/40"]
[Site "Zürich"]
[Date "2025.??.??"]
[Round "5"]
[White "Scorpio 68000 sel. 4"]
[Black "Mephisto Explorer Pro"]
[Result "1-0"]
[Annotator "3,5-1,5 for Scorpio"]
[WhiteElo "2043"]
[BlackElo "2016"]
[WhiteFideId "-1"]
[BlackFideId "-1"]
[PlyCount "86"]
[GameId "541576093607"]
[EventDate "2025.10.05"]
[EventType "match"]
[EventRounds "50"]

{[%evp 0,75,30,32,40,29,38,32,37,35,80,94,69,84,98,88,94,96,121,133,145,95,110,124,133,102,120,140,116,121,167,154,176,157,186,186,196,200,226,307,328,295,312,350,350,330,354,352,330,354,352,363,350,358,356,356,364,360,388,359,366,380,390,371,375,360,408,405,512,516,532,545,542,548,640,647,665,693]} 1. e4 d5 {Match Nr. 82 mit 120'/40 | Bediener: Rolf Bühler | Kommentator: Kurt Utzinger | 5. Partie: Weiss (Scorpio 68000 sel. 4) gewinnt | Zwischenstand: 3½-1½ für Scorpio 68000 sel. 4 | Stand hypothetisch: 4-1 für Mephisto Explorer Pro | Eröffnung: Skandinavisch, 2...Sf6 | Buchzüge 4 (28) von Scorpio; 2 (21) von Mephisto Explorer Pro | Partieverlauf: In diesem Kampf ist es der Mephisto Explorer Pro, der langsam und stetig den Weg in den Untergang beschreitet. Dies nachdem das Programm von Frans Morsch den in der Eröffnung nur vorübergehend geopferten Zentralbauer nicht mehr zurückerobern kann.} 2. exd5 Nf6 $14 {***ENDE BUCH***} 3. Bb5+ (3. d4 Nxd5 4. c4 Nf6 5. Nf3 c5 6. dxc5 Qxd1+ 7. Kxd1 Nc6 8. Be3 Ng4 9. Nc3 Bf5 10. Kc1 O-O-O 11. Be2 Nxe3 12. fxe3 e5 13. Na4 g6 14. Re1 f6 15. Nh4 Bd7 16. Bf1 Nb4 17. Nc3 Bxc5 18. a3 Nc6 19. b4 Bf8 20. Nd5 Be6 21. Rd1 Bh6 22. Kc2 Rhf8 23. Nf3 e4 24. Nd2 f5 25. Nf4 Bf7 26. Rac1 Rd7 27. Nb3 Rxd1 28. Kxd1 Rd8+ 29. Kc2 Ne5 30. g3 Ng4 31. Re1 Nxh2 32. Be2 Bxf4 33. exf4 Bg8 34. Kc3 Nf3 35. Rd1 Rxd1 36. Bxd1 h6 37. a4 a6 38. a5 g5 39. Nd4 Nxd4 40. Kxd4 gxf4 41. g4 fxg4 42. Bxg4+ Kc7 43. Kxe4 Bxc4 44. Bh5 b6 45. Kxf4 bxa5 46. bxa5 Kc6 47. Kf5 Kb5 48. Kg6 Kxa5 49. Kxh6 Kb4 50. Kg7 a5 51. Be8 a4 52. Bxa4 {½-½ Scorpio 68000 sel. 4 (2080)-Mephisto Explorer Pro (2018) Match 62__120'/40 Zurich 2021 (3)}) 3... Bd7 4. Bc4 $14 {***ENDE BUCH***} g6 $16 {Nicht die beste Fortsetzung, weil Schwarz es kaum schaffen wird, den gegnerischen Mehrbauern auf d5 zurückzuerobern. Er müsste deshalb nach einer unklaren Kompensation mit dem die Entwicklung fördernden c7-c6 anstreben.} (4... Bg4 5. f3 Bf5 6. Nc3 Nbd7 7. g4 (7. Nge2 Nb6 8. Bb3 Nfxd5 9. Nxd5 Nxd5 10. d4 $11) 7... Nb6 8. Qe2 Bc8 9. b3 Nfxd5 10. Nxd5 Nxd5 11. Bb2 $14) 5. Nc3 Bg7 6. Nf3 O-O 7. O-O $16 {Weiss steht besser, Bewertung: 0.84(69%)/50} a6 $6 {+/- 1.20(84%)/53. Die Engine schlägt 7...Lc8 als etwas stärker vor.} ({Stockfish 17.1:} 7... Bc8 {Stockfish 17.1 Bewertung: 1.05(77%)/64} 8. Ne5 Nbd7 9. Nxd7 Bxd7 10. d4 a6 11. a4 b5 12. axb5 axb5 13. Rxa8 Qxa8 14. Bxb5 Bxb5 15. Nxb5 Qxd5 16. Qd3 Qb7 17. Qe2 Nd7 18. Rd1 Ra8 19. b3 Ra1 20. Nc3 Qc6 21. Qd3 h5 22. h3 Nb6 23. Rf1 Qa8 24. Bf4 Rxf1+ 25. Kxf1 Qa1+ 26. Ke2 c6 27. Be3 e6 28. Bd2 Qa7 29. Ne4 Nd5 30. Qc4 Qxd4 31. Qxd4 Bxd4 32. Kd3 e5 33. f4 Ba1 34. fxe5 Bxe5 35. Nc5 Bh2 36. Nb7 Ne7 37. Na5 f6 38. Bb4 Nd5 39. Nxc6 Nf4+ 40. Ke4 {[%eval 105,64] [%wdl 542,457,1]}) 8. d4 {Prophylaxe mit 8.a4 verdient den Vorzug.} Bg4 {Das vergrössert den weissen Vorteil. Bessere Alternativen mit 8...b5 oder 8...c6 drängen sich auf.} 9. h3 Bf5 10. Qe2 {Hier verdienen 10.Se5 +- 2.34(99%)/52 oder 10.a4 +- 2.14(98%)/52 den Vorzug.} b5 {Genauer ist 10...c6, was die Aktivität der schwarzen Figuren massgeblich erhöht.} (10... c6 11. dxc6 b5 12. Bb3 Nxc6) 11. Bb3 b4 12. Nd1 {Mit 12.Sa4 hätte es Weiss dem Gegner schwerer gemacht.} {[#]} a5 $2 {[%mdl 2] ***VERLIERT*** Das droht gar nichts. Noch immer scheint 12...c6 die beste Lösung für Schwarz, um endlich ins Spiel zu kommen. Nach dieser Ungenauigkeit bekommt der Scorpio 68000 sel. 4 eine übermächtige Stellung.} 13. Ne3 {Es geht noch stärker, aber selbst mit dem Textzug sichert sich Weiss deutlichen Vorteil.} (13. a3 $1 bxa3 14. Rxa3 c6 15. dxc6 Nxc6 16. Ne3 Bc8 17. d5 Nb4 18. Rd1 {+- 2.36(99%)/49}) 13... Be4 14. a3 $1 bxa3 15. Rxa3 c6 ({oder} 15... Nxd5 16. Ng5 Nxe3 17. fxe3 Bd5 18. Nxf7 Bxf7 19. Rxf7 Rxf7 20. Bxf7+ Kh8 $18) 16. dxc6 Nxc6 17. c3 {Weiss hat bei besserer Stellung einen Bauern mehr.} Rc8 18. Ng5 Bb1 {Was auch immer Schwarz zieht, er hat eine verlorene Stellung.} 19. Bd2 Be4 20. f3 Bd5 21. Nxd5 Nxd5 22. Ne6 $1 {Ein nettes Scheinopfer. Angesichts des Doppelangriffs auf die Dame und den Turm, hat Schwarz keine Wahl.} fxe6 23. Qxe6+ Kh8 24. Bxd5 {Nun ist Weiss bereits zwei Bauern im Vorsprung und wird weiteres Material erobern.} Rf5 25. Bxc6 Rf6 26. Qd7 Rfxc6 27. Qxd8+ Rxd8 28. Rxa5 {Plus drei Bauern.} h6 29. b4 Kh7 30. Re1 Rc7 31. Kf2 Kg8 32. Rb1 Kf7 33. b5 e5 34. b6 Rcd7 35. b7 Rb8 36. Rab5 h5 (36... exd4 37. Bf4 $18) 37. d5 Rd6 38. c4 Ke8 {Schwarz ist absolut hilflos.} 39. Rc5 Kd7 40. Ba5 Ra6 41. Rc7+ Kd6 42. Rc8 e4 43. Rxb8 Bd4+ {***AUFGEGEBEN***} 1-0